Geography Quiz

Random Geography or World Quiz

Where Is That 'D' City? Quiz Stats

Quiz Updated Aug 27, 2017

Challenge
Share
Tweet
Embed
Score 0/20 Timer 04:00
2 Plays Today
Question Answer Wrong Answers
Detroit United States
96.3%
Canada
0.6%
Australia
0.2%
New Zealand
0.3%
Dublin Ireland
95.4%
United Kingdom
1.6%
Canada
0.2%
Australia
0.3%
Delhi India
95%
Pakistan
0.5%
Iran
1.4%
Bangladesh
0.6%
Dubai United Arab Emirates
92.7%
Qatar
4%
Israel
0.6%
Cyprus
0.2%
Dijon France
90.2%
Netherlands
1.8%
Spain
3.1%
Portugal
2.1%
Damascus Syria
87.5%
Palestine
3.9%
Greece
2.9%
Egypt
3%
Dresden Germany
86.8%
Austria
4.1%
Belgium
3.6%
Czechia
2.8%
Durban South Africa
75.7%
Saudi Arabia
11.8%
United Kingdom
4.6%
India
5.2%
Doha Qatar
73.1%
Bahrain
8.1%
Yemen
7%
Oman
9.1%
Dakar Senegal
71.3%
Morocco
13.1%
The Gambia
3.4%
Algeria
9.3%
Dhaka Bangladesh
69.5%
Senegal
16.2%
Myanmar
5.2%
Nepal
6.4%
Davao City Philippines
65.5%
United States
2.1%
Vietnam
11.6%
Palau
17.6%
Dar es Salaam Tanzania
60%
Kenya
7.1%
South Sudan
23%
Republic of the Congo
7%
Daegu South Korea
59.6%
North Korea
9.9%
China
8.4%
Taiwan
18.8%
Dnipro Ukraine
48.8%
Russia
16.3%
Belarus
16.1%
Kazakhstan
15.5%
Douala Cameroon
45.8%
Nigeria
15.4%
Democratic Republic of the Congo
21.4%
Sudan
14.1%
Debrecen Hungary
43.4%
Romania
25.3%
Belarus
14%
Latvia
14%
Durrës Albania
42.7%
Germany
23.6%
Croatia
27.2%
Italy
3.3%
Diyarbakır Turkey
38.3%
Turkmenistan
39%
Iraq
7.3%
Georgia
12.3%
Dourados Brazil
30.2%
Portugal
28.3%
Mexico
17.3%
Argentina
21%

You're not logged in!

Compare scores with friends on all Sporcle quizzes.
Join for Free
OR
Log In

You Might Also Like...

Show Comments

Extras

Top Quizzes Today


Score Distribution

Your Account Isn't Verified!

In order to create a playlist on Sporcle, you need to verify the email address you used during registration. Go to your Sporcle Settings to finish the process.

Report this User

Report this user for behavior that violates our Community Guidelines.

Details: